Observaciones arqueológicas sobre alfarería funeraria de la "poma", valle calchaquí-provincia de salta /

Guardado en:
Autor Principal: Dillenius, J. A.
Formato: Libro
Publicado: Buenos Aires : Biedma e Hijo, 1909
Materias:
Etiquetas: Agregar Etiqueta
Sin Etiquetas, Sea el primero en etiquetar este registro!
LEADER 00769nam a22001815a 4500
001 EHU.bham042964
003 AR-BHAM
005 20141104105933.0
008 130507s1909##################000#0#####d
082 5 7 |a 571.5 
100 1 |a Dillenius, J. A. 
245 1 0 |a Observaciones arqueológicas sobre alfarería funeraria de la "poma", valle calchaquí-provincia de salta /  |c  J. A. Dillenius 
260 |a Buenos Aires :  |b  Biedma e Hijo,  |c 1909 
300 |a 42 p. 
500 |a Facultad de Filosofía y Letras. Publicaciones de la Sección Antropológica ; 5.de la Revista de la Universidad, tomo Xi, páginas 67 y 133. 
653 |a Arqueología argentina-salta-poma-valle calchaquí 
653 |a Alfarería funeraria 
859 |a AR-BHAM  |b BIB. HUMANIDADES - General  |h 571.5  |i D583  |p 44.12  |t Ej.1